|
|
|
|
| LEADER |
00000nam a22000007a 4500 |
| 005 |
20140715225757.0 |
| 007 |
cr|||| |||| |
| 008 |
140715s2014 es |||||s|||| 00||0 spa d |
| 020 |
|
|
|a 978-84-7088-944-3
|
| 035 |
|
|
|a 12290
|
| 040 |
|
|
|a vLex
|
| 090 |
|
|
|c 5074
|d 5074
|
| 100 |
1 |
|
|4 Briones Gamarra, Óscar
|
| 245 |
1 |
0 |
|a Factores determinantes en la construccin̤ de la funcin̤ de recursos humanos autonm̤ica:
|h [Recurso electrn̤ico] :
|b Galicia 2000-2012 /
|c Óscar Briones Gamarra
|
| 256 |
|
|
|a Servicio en ln̕ea
|
| 260 |
|
|
|a Madrid:
|b Instituto Nacional de Administracin̤ Pb︢lica (INAP),
|c 2014
|
| 300 |
|
|
|a 1 recurso electrn̤ico
|
| 506 |
1 |
|
|a Disponible solo en los productos indicados
|d vLex Global
|d vLex Global (Academic Edition, excluding Law Schools)
|d vLex Global (U.S. Academic Edition, Law Schools)
|d vLex Global (U.S. Academic Edition, excluding Law Schools)
|d vLex Global (Academic Edition, Law Schools)
|
| 650 |
0 |
4 |
|a Derecho Civil
|z Espaą
|
| 740 |
0 |
|
|a vLex Libros (Servicio en ln̕ea)
|
| 856 |
4 |
0 |
|u http://vlex.com/source/factores-determinantes-en-la-construccion-de-la-funcion-de-recursos-humanos-autonomica-galicia-2000-2012-12290
|z Acceso restringido
|
| 942 |
|
|
|c BOOK
|
| 999 |
0 |
|
|a Civil Law
|